00678nam a2200193 a 450000100100000000500170001000800410002702000150006804000250008308200160010810000250012424000250014924501600017426000350033430000360036950000210040550000270042650400310045300003637020200930075708.0120116s1986 sp 001 0 spa d a8470210629 aDO-SdBNPbspacBNPHU axxxxbW124c1 aWadsworth, Thomas G.10aThe elbowlEspañol13aEl codo. /cThomas G. Wadsworth ; prólogo de S. Benjamin Fowler ; Mario A. Marino, traducción supervisada por José E. Cambiaggi Almada, Dante Pawlow. aBarcelona :bEl Ateneo,c1986. a343 p. :bil., retrs. ;c24 cm. aIncluye índice aTraducido del inglés aBibliografía : p.332-335